Statistics for Countries with the Lowest Birth Rates

Click here to take the quiz!

General Stats

  • This quiz has been taken 29 times
  • The average score is 6 of 10

Answer Stats

Birth RateCountry% Correct
6.6Japan
96%
5.6South Korea
93%
5.1Ukraine
74%
6.9Italy
67%
7.4Spain
67%
7.1Singapore
63%
7.4Greece
52%
7.1Andorra
48%
5.9San Marino
41%
4.4Vatican City
41%

Score Distribution

Percentile by Number Answered

Percent of People with Each Score

Your Score History

You have not taken this quiz